000 00301nam a22001337a 4500
008 170607b xxu||||| |||| 00| 0 eng d
020 _a0226123162
041 _aeng
080 _a94
100 _a18
101 _aSHH
245 _aEROS AND MAGIC IN THE RENAISSANCE
_cCOULIANO,I.P
942 _2udc
_cBK
999 _c16334
_d16334